000 010910000a22002050004500
020 _a84-301-0906-4
041 0 _aSPA
082 0 4 _aG 170 A4731h
100 1 _aÁlvarez Turienzo, Saturnino
245 1 0 _aEl hombre y su soledad : Una introducción a la ética / Saturnino Alvarez Turienzo
260 _aSalamanca, España : Sígueme
300 _a423 Pag.
505 0 0 _acomo se ha vivido la soledad -- sobre patética y ética de la soledad -- interés antropológico-moral del tema --" de solitaria vita" : lo que con la soledad han echo los hombres -- antropología moderna: hombre en soledad -- antropología contemporánea: el hombre es soledad -- la relación antropología-ética des de la soledad -- lo que el hombre hace con la soledad -- valores morales, socialización y soledad -- el hombre en el mundo y el mundo del hombre -- la prisa por el " reino" y la "diferencia"
650 1 4 _aSOLEDAD \ \ ANTROPOLOGIA FILOSOFICA
001 1108
942 _cBK
999 _c32446
_d32446
336 _atexto
_btxt
_2rdacontent
337 _2rdamedia
_asin mediación
_bn
338 _2rdacarrier
_avolumen
_bnc